01794cam a22004334i 4500003000900000005001700009008004100026035001900067040003300086049000900119082002200128100002800150245004800178264004400226300003900270336002100309337002500330338002300355490002600378505023200404526001000636526001000646526001000656526001000666526000800676526000800684526000800692526000800700526000800708526000800716526000800724630004300732942001400775949014000789596000600929999018400935980005501119952018601174PE-LiUPU20250731173210.0150625s1964 nyu r 000 0 eng d a(Sirsi) a32171 aPE-LiUPUbspacPE-LiUPUerda aPRUA04a220.7bAB19642211 aSpeiser, E. A.,eautor.14aThe Anchor Bible Génesis /cE.A. Speiser. 1aNew York :bDoubleday & Company,c1964. a378 páginas ;c23 centímetros. atext2rdacontent aunmediated2rdamedia avolume2rdacarrier0 aThe Anchor Bible ;v10 aIntroduction -- The biblical process -- Introduction to the Book of Genesis -- Primeval history -- The story of the patriarchs: The story of the Patriarchs: The Story of Abraham -- The story of Jacob -- Joshep and his Brothers. aSEG42 aSEG41 aSEG40 aSEG39 aP94 aP87 aP86 aP85 aP77 aP76 aP3504aBiblia.pA.T.pGénesisvComentarios. 2ddccBOOK a220.7 AB 1 1964wDEWEYc1i39026lCCODEBUL1mBULp00.00r0sYtBOOKu2015-06-25xTEOLOGIAzUNKNOWN0COMPRAo.STAFF. Colección General a1 a220.7 AB 1 1964wDEWEYc39801i39026d39801e2018-5-17f2021-11-9g5lCCODEBUL1mBULn2p78.00q6r0sYtBOOKu2015-6-25xTEOLOGIAzUNKNOWN0COMPRAo.STAFF. Colección Teología 81gALBERTO SANCHEZ Responsable de Automatización r2025-12-02 00:00:00i6l2o220.7 AB 1 1964p39026s2018-05-17te1v83.00w2015-06-25xPGyBKzinventario-2023-12-13102ddc50708GENfP86aBULbBULcGENd2015-06-25eCOMPRAg78.00